000 01635nam a2200373 c 4500
003 BLK
005 20250103161511.0
008 180408b bul|||||r ||||||| ||bul||
020 _a954-314-011-1
040 _aBLK
041 _aBUL
_cBUL
080 _aМетодика по природознание
_b373.3.016:502/504
_z373.3.016:502/504
100 _aПетрова, Ваня Атанасова
_9262083
139 _aПетрова, Ваня Атанасова
_bП 47
245 1 0 _aРаботата по проект при запознаване с природната и обществената среда в І-ІV клас
_cВаня Атанасова Петрова.
257 _aBGR
260 _bКота
_c2003
_aСт. Загора
300 _a160 с.
_bс ил, сх., табл.
_c24 см
380 _a3
500 _aИзд. на Тракийски унив. Пед. унив. Стратегии и практики на отвореното образования в началното училище
650 4 _aОбучение - методи и форми
_9268175
650 4 _aПриродознание - методика на преподаването - за основни училища
_9247026
653 _aприродознание
653 _aметодика на преподаването
653 _aосновни училища
852 _aЦб 224064
856 4 _qpdf
856 4 _qpdf
942 _cKNG
_n0
_01
944 _aCR
_c07.06.2005
_k30530
_lМинев Младен
944 _aED
_c23.06.2005
999 _c50412
_d50412
999 _d50412
999 _d50412